[Event "Open Aubagne 2019-2020"]
[Site "Aubagne"]
[Date "2019.09.02"]
[Round "3.1"]
[White "Jamme, Jean-Pierre"]
[Black "Rivollier, Frederic"]
[Result "0-1"]
[WhiteElo "1942"]
[BlackElo "1450"]
[PlyCount "144"]

1. d4 Nf6 2. c4 g6 3. Nc3 Bg7 4. Bg5 O-O 5. e4 d6 6. Bd3 Nbd7 7. Nge2 c6 8. Ng3
Qb6 9. Qd2 Re8 10. Be2 e5 11. d5 cxd5 12. cxd5 Nc5 13. h4 h5 14. Be3 Qd8 15. f3
a6 16. O-O-O b6 17. Rdg1 Kh7 18. Nf1 Ng8 19. g4 f5 20. gxh5 f4 21. Bxc5 bxc5
22. Rxg6 Nf6 23. Rhg1 Rg8 24. Bd1 Bd7 25. Qg2 Qe7 26. Qg5 Be8 27. h6 Bxg6 28.
Qxg6+ Kh8 29. hxg7+ Rxg7 30. Qh6+ Rh7 31. Qg6 Rg8 32. Qf5 Rxg1 33. Nd2 Rxh4 34.
Nc4 Nd7 35. Na5 Rg5 36. Nc6 Qg7 37. Qe6 Rh6 38. Qe8+ Nf8 39. Ne7 Rf6 40. Nf5
Qf7 41. Qd8 Rgg6 42. Ba4 Qh7 43. Nxd6 Qh1+ 44. Bd1 Rxd6 45. Qxf8+ Kh7 46. Qe7+
Kh6 47. Qxe5 Qh4 48. Na4 c4 49. Nc5 Qf6 50. Qxf6 Rgxf6 51. Ba4 Rg6 52. Ne6
Rgxe6 53. dxe6 Rxe6 54. Bd1 Rc6 55. Kc2 Kg6 56. Kc3 Rb6 57. Be2 Kf6 58. Bxc4 a5
59. b3 Ke5 60. a3 Rb8 61. b4 axb4+ 62. axb4 Rb7 63. b5 Rb8 64. Be2 Rc8+ 65. Bc4
Rb8 66. Kb4 Kd4 67. Bd5 Rb6 68. Ka5 Kc5 69. Bc6 Rb8 70. e5 Rb6 71. Bd7 Rb8 72.
e6 Ra8# 0-1

[Event "Open Aubagne 2019-2020"]
[Site "Aubagne"]
[Date "2019.09.02"]
[Round "3.2"]
[White "Cotton, Paul"]
[Black "Cescon, Moreno"]
[Result "0-1"]
[WhiteElo "1437"]
[BlackElo "1694"]
[PlyCount "126"]

1. Nf3 d6 2. g3 e5 3. d3 f5 4. c4 Nf6 5. Nc3 Be7 6. Bg2 Nc6 7. a3 a5 8. Bd2 O-O
9. O-O Bd7 10. Qc2 Qc8 11. Rfe1 Nh5 12. Nd5 Bd8 13. b4 axb4 14. axb4 Rxa1 15.
Rxa1 f4 16. b5 Ne7 17. Nxe7+ Bxe7 18. e3 fxg3 19. fxg3 Bh3 20. Rf1 Bxg2 21.
Kxg2 Qg4 22. Qd1 Qg6 23. e4 Nf4+ 24. Bxf4 exf4 25. Nd4 fxg3 26. Rxf8+ Kxf8 27.
Qf3+ Bf6 28. hxg3 Ke7 29. Nf5+ Kd7 30. Qe3 h6 31. d4 h5 32. Qf4 Bg5 33. Nh4
Bxh4 34. Qxh4 Qf7 35. d5 g6 36. Qg5 Qg7 37. Kh3 Ke8 38. Qf4 Ke7 39. Qg5+ Qf6
40. Qh6 Qf1+ 41. Kh4 Qh1+ 42. Kg5 Qxe4 43. Qg7+ Kd8 44. Qg8+ Kd7 45. Qxg6 Qe5+
46. Qf5+ Ke7 47. Qxe5+ dxe5 48. Kxh5 Kd6 49. Kg5 Kc5 50. Kf5 Kd4 51. g4 e4 52.
g5 e3 53. g6 e2 54. g7 e1=Q 55. g8=Q Qe5+ 56. Kg6 Qg3+ 57. Kf7 Qxg8+ 58. Kxg8
Kxc4 59. Kf7 Kxd5 60. Ke7 Kc5 61. Kd7 Kxb5 62. Kxc7 b6 63. Kb7 Kc5 0-1

[Event "Open Aubagne 2019-2020"]
[Site "Aubagne"]
[Date "2019.09.02"]
[Round "3.3"]
[White "Daumas, Alain"]
[Black "Delaplace, Mathias"]
[Result "1-0"]
[WhiteElo "1612"]
[BlackElo "1405"]
[PlyCount "103"]

1. c4 e5 2. Nc3 Nf6 3. g3 c6 4. Bg2 d5 5. cxd5 cxd5 6. d3 Bb4 7. Bd2 Nc6 8. Rc1
O-O 9. a3 Bxc3 10. Bxc3 Bf5 11. Nf3 d4 12. Bd2 Qd7 13. O-O Bh3 14. Qb3 Bxg2 15.
Kxg2 Rac8 16. Rc2 Nd5 17. Rfc1 Nde7 18. Rc5 Ng6 19. Ng5 h6 20. Ne4 Kh8 21. f3
f5 22. Nf2 Nge7 23. f4 exf4 24. Bxf4 g5 25. Bd2 Rcd8 26. Qc4 a6 27. b4 b5 28.
Qb3 Rf6 29. a4 Qb7 30. Kg1 f4 31. Ne4 Rg6 32. axb5 axb5 33. Qf7 Rg7 34. Qh5 Rg6
35. Nxg5 Kg7 36. Bxf4 hxg5 37. Bxg5 Rb8 38. Qf3 Rf8 39. Qe4 Qd7 40. Bxe7 Qxe7
41. Rxc6 Qxe4 42. dxe4 Rg4 43. Re6 Ra8 44. Rc5 Ra2 45. Kf1 Ra1+ 46. Kf2 Ra2 47.
Kf3 Rg6 48. Rxg6+ Kxg6 49. Rxb5 Ra3+ 50. Kf2 Ra2 51. Rd5 Ra8 52. Rxd4 1-0

[Event "Open Aubagne 2019-2020"]
[Site "Aubagne"]
[Date "2019.09.02"]
[Round "3.4"]
[White "Bedhouche, Rayan"]
[Black "Pouyet, Alain"]
[Result "1-0"]
[WhiteElo "1401"]
[BlackElo "1563"]
[PlyCount "113"]

1. e4 c5 2. Nf3 d6 3. d4 cxd4 4. Nxd4 Nf6 5. Nc3 a6 6. Bg5 Nbd7 7. Bc4 e6 8.
O-O Be7 9. f4 Qb6 10. Na4 Qa7 11. e5 dxe5 12. fxe5 Nxe5 13. Bb3 Nc6 14. Be3 Bc5
15. Nxc5 Qxc5 16. Nf5 Qe5 17. Nxg7+ Kf8 18. Bh6 Ke7 19. Bf4 Qd4+ 20. Qxd4 Nxd4
21. Be5 Ne2+ 22. Kh1 Ng4 23. Rae1 Nxe5 24. Rxe2 Nc6 25. Nf5+ Kf8 26. Nd6 Nd8
27. Ref2 f5 28. g4 Bd7 29. h3 Ke7 30. Nc4 b5 31. Nb6 Bc6+ 32. Nd5+ Bxd5+ 33.
Bxd5 exd5 34. Rxf5 d4 35. Re1+ Kd6 36. Rf6+ Kc5 37. Re5+ Kc4 38. h4 a5 39. g5
Rc8 40. Rff5 Rb8 41. Kg2 Rb6 42. Kf3 Nc6 43. Rc5+ Kb4 44. a3+ Ka4 45. Rf6 Rc8
46. Ke4 b4 47. axb4 Kxb4 48. Rd5 Rb5 49. Rdd6 Rc5 50. Rf2 Rc7 51. Kd3 a4 52.
Rg2 Kb5 53. h5 Ne7 54. Rxd4 Re5 55. Rgg4 Rd5 56. c4+ Kc5 57. cxd5 1-0

[Event "Open Aubagne 2019-2020"]
[Site "Aubagne"]
[Date "2019.09.02"]
[Round "3.5"]
[White "Ganier, Philippe"]
[Black "Correges, Philippe"]
[Result "1-0"]
[WhiteElo "1558"]
[BlackElo "1401"]
[PlyCount "57"]

1. d4 d5 2. c4 dxc4 3. Nc3 c6 4. a4 a5 5. e4 e6 6. Bxc4 Bb4 7. Nf3 Ne7 8. O-O
Nd7 9. Bg5 Qc7 10. Bxe7 Bxe7 11. Rc1 O-O 12. Bd3 Qb6 13. Qc2 h6 14. d5 Nc5 15.
Bc4 exd5 16. exd5 Bd6 17. Rcd1 Bg4 18. Be2 Qc7 19. h3 Bh5 20. dxc6 bxc6 21. Nh4
Be7 22. Bxh5 Bxh4 23. Bf3 Rab8 24. Ne4 Nxe4 25. Bxe4 Bf6 26. b3 Rb6 27. Bd3 c5
28. Bb5 Bd4 29. Rxd4 1-0

[Event "Open Aubagne 2019-2020"]
[Site "Aubagne"]
[Date "2019.09.02"]
[Round "3.6"]
[White "Moerenhout, Jean Claude"]
[Black "Tramarin, Matteo"]
[Result "0-1"]
[WhiteElo "1297"]
[BlackElo "1491"]
[PlyCount "94"]

1. d4 Nf6 2. Nf3 g6 3. e3 Bg7 4. b3 d6 5. Bb2 Bg4 6. Be2 Nbd7 7. Nbd2 O-O 8. h3
Bf5 9. Ng5 Nb6 10. Bg4 Qc8 11. Bxf5 Qxf5 12. Ngf3 c5 13. g4 Qd5 14. Qe2 cxd4
15. exd4 Rac8 16. O-O-O Qc6 17. c3 Rfe8 18. Rhg1 Nfd5 19. Nb1 Nf4 20. Qe3 Nbd5
21. Qd2 Nxc3 22. Nxc3 Qxf3 23. Rg3 Ne2+ 24. Kb1 Nxg3 25. fxg3 Qxg3 26. g5 Qxh3
27. Ne4 Qf5 28. Qd3 d5 29. Nc5 Qxd3+ 30. Nxd3 b6 31. Nf4 e6 32. Re1 h6 33. Nh3
h5 34. Rf1 Rc7 35. Nf2 Rec8 36. Nd3 Rc2 37. Rd1 Rg2 38. Ne5 Bxe5 39. dxe5 Rxg5
40. Re1 Rg2 41. Rc1 Rxb2+ 42. Kxb2 Rxc1 43. Kxc1 g5 44. Kd2 h4 45. Ke2 g4 46.
Kf2 Kg7 47. a3 d4 0-1

[Event "Open Aubagne 2019-2020"]
[Site "Aubagne"]
[Date "2019.09.02"]
[Round "3.7"]
[White "Gamblin, Vincent"]
[Black "Cureau, Dominique"]
[Result "0-1"]
[WhiteElo "1479"]
[BlackElo "1367"]
[PlyCount "90"]

1. e4 c5 2. Nf3 Nc6 3. Bb5 e6 4. Nc3 a6 5. Bxc6 bxc6 6. d4 cxd4 7. Qxd4 c5 8.
Qc4 Bb7 9. Qb3 Rb8 10. Bf4 d6 11. Qa4+ Qd7 12. Qxd7+ Kxd7 13. O-O-O Rd8 14. Ng5
Ke8 15. Rhe1 h6 16. Nf3 Nf6 17. h3 g5 18. Bh2 Be7 19. Nd2 Kf8 20. f3 Ne8 21.
Nc4 h5 22. Re2 Rh6 23. Red2 e5 24. Nd5 Bxd5 25. exd5 g4 26. Rd3 gxf3 27. gxf3
f5 28. Kb1 Rb8 29. Ra3 Nc7 30. f4 e4 31. Ne3 Rf6 32. c4 Rf7 33. Rg1 Bf6 34. Rg2
Bd4 35. Bg1 Rg7 36. Rxg7 Rxb2+ 37. Kc1 Bxg7 38. Nxf5 Rg2 39. Be3 Bb2+ 40. Kb1
Bxa3 41. Nxd6 Re2 42. Nf5 Ke8 43. Nd6+ Kd7 44. Nf5 Ne8 45. Ka1 Re1+ 0-1

[Event "Open Aubagne 2019-2020"]
[Site "Aubagne"]
[Date "2019.09.02"]
[Round "3.8"]
[White "Laurent, Yohan"]
[Black "Hassaine, Rachid"]
[Result "1-0"]
[WhiteElo "1800"]
[BlackElo "1335"]
[PlyCount "67"]

1. c4 c5 2. Nc3 e6 3. Nf3 d5 4. cxd5 exd5 5. d4 c4 6. g3 Nf6 7. Bg2 b6 8. O-O
Be7 9. Ne5 O-O 10. Nxc4 Bb7 11. Ne3 Bb4 12. Bd2 Bxc3 13. Bxc3 Nc6 14. Qb3 Ne7
15. Bb4 Re8 16. Rac1 Rc8 17. Rxc8 Bxc8 18. Bxe7 Rxe7 19. Nxd5 Nxd5 20. Bxd5
Rxe2 21. Bxf7+ Kh8 22. Bh5 Rd2 23. Re1 g6 24. Qf7 Bh3 25. Re8+ Qxe8 26. Qxe8+
Kg7 27. Qe7+ Kg8 28. Bf3 h5 29. Bd5+ Kh8 30. Qf8+ Kh7 31. Bg8+ Kh8 32. Be6+ Kh7
33. Bxh3 g5 34. Bf5# 1-0

[Event "Open Aubagne 2019-2020"]
[Site "Aubagne"]
[Date "2019.09.02"]
[Round "3.10"]
[White "Lai, Bjorn"]
[Black "Pinet, Leo"]
[Result "0-1"]
[WhiteElo "1364"]
[BlackElo "1418"]
[PlyCount "124"]

1. e4 d6 2. d4 Nf6 3. Nc3 c6 4. f4 Qa5 5. Bd3 e5 6. Nf3 Bg4 7. dxe5 dxe5 8. O-O
Bc5+ 9. Kh1 Nbd7 10. Qe1 Bb4 11. Nxe5 Nxe5 12. fxe5 Qxe5 13. Bd2 Nh5 14. Ne2
Bd6 15. g3 Bh3 16. Rf3 Bg4 17. Rf1 f5 18. Nf4 O-O 19. Nxh5 Bxh5 20. Bc3 Qe7 21.
exf5 Qd7 22. Qe6+ Qxe6 23. fxe6 Bf3+ 24. Rxf3 Rxf3 25. Re1 Re8 26. Kg2 Rff8 27.
Re4 Be7 28. Rg4 g6 29. h4 Bf6 30. Bb4 Be7 31. Bc3 b5 32. h5 g5 33. h6 Bd8 34.
Ba5 Be7 35. Bb4 c5 36. Bxc5 Bxc5 37. Rxg5+ Kh8 38. Rg7 Re7 39. Rxe7 Bxe7 40.
Bxb5 Rf6 41. Bc4 Bc5 42. Bb3 Rxh6 43. Kf3 Kg7 44. Ke4 Rg6 45. Kd5 Be7 46. Kc6
Rxg3 47. Kd7 Kf6 48. c4 Rg2 49. a3 Rxb2 50. Ba4 h5 51. Bc6 h4 52. a4 h3 53. Bd5
h2 54. a5 Rd2 55. Kc6 Rxd5 56. cxd5 h1=Q 57. a6 Ke5 58. Kb7 Qxd5+ 59. Kxa7 Bc5+
60. Kb8 Qd8+ 61. Kb7 Qb6+ 62. Ka8 Qa7# 0-1

[Event "Open Aubagne 2019-2020"]
[Site "Aubagne"]
[Date "2019.09.02"]
[Round "3.12"]
[White "Ananyan, Daniel"]
[Black "Ghazarian, David"]
[Result "0-1"]
[WhiteElo "1199"]
[BlackElo "1550"]
[PlyCount "40"]

1. e4 e5 2. Nf3 Nc6 3. Bc4 Nf6 4. Nc3 Nxe4 5. Nxe4 d5 6. Bd3 dxe4 7. Bxe4 Bg4
8. O-O f5 9. d4 fxe4 10. Bg5 Be7 11. Qd2 exf3 12. Rae1 Bxg5 13. Qd3 O-O 14.
gxf3 Rxf3 15. Qe4 Bf4 16. Kg2 Bh3+ 17. Kh1 Nxd4 18. Re3 Qh4 19. Rxf3 Bg2+ 20.
Kxg2 Qxh2# 0-1

[Event "Open Aubagne 2019-2020"]
[Site "Aubagne"]
[Date "2019.09.02"]
[Round "3.13"]
[White "Gary, Yvon"]
[Black "Desjardins, Rene"]
[Result "0-1"]
[WhiteElo "1199"]
[BlackElo "1418"]
[PlyCount "66"]

1. e4 Nf6 2. Nc3 e6 3. d4 Bb4 4. Bd2 Bxc3 5. Bxc3 Nxe4 6. Qd3 Nxc3 7. Qxc3 d5
8. Nf3 O-O 9. Bd3 Nd7 10. Ne5 Nxe5 11. dxe5 b6 12. O-O-O Bb7 13. f3 c5 14. Qd2
d4 15. Rhe1 Qd5 16. Kb1 Qd7 17. Be4 Bxe4 18. Rxe4 Qd5 19. h4 Rad8 20. h5 h6 21.
g4 f6 22. exf6 Rxf6 23. Rf1 Qxe4 24. Qd3 Qxd3 25. cxd3 Rf4 26. Kc2 Rdf8 27. Kb3
Rxf3 28. Rxf3 Rxf3 29. Kc4 a6 30. a3 Rf1 31. b4 Rc1+ 32. Kb3 Rc3+ 33. Kb2 cxb4
0-1

[Event "Open Aubagne 2019-2020"]
[Site "Aubagne"]
[Date "2019.09.02"]
[Round "3.14"]
[White "Nasri, Alexandre"]
[Black "Bonavia, Mathis"]
[Result "0-1"]
[WhiteElo "1199"]
[BlackElo "1373"]
[PlyCount "70"]

1. e4 Nf6 2. Nc3 e5 3. Nf3 Nc6 4. d4 Bb4 5. dxe5 Bxc3+ 6. bxc3 Nxe4 7. Bb2 Qe7
8. c4 Nc5 9. Bd3 d6 10. O-O Bg4 11. exd6 Qxd6 12. Re1+ Ne6 13. h3 Bh5 14. Bxg7
Rg8 15. Bc3 O-O-O 16. Bf5 Qxd1 17. Raxd1 Rxd1 18. Bxe6+ fxe6 19. Rxd1 Bxf3 20.
Rd3 Rxg2+ 21. Kf1 Be4 22. Rg3 Rxg3 23. fxg3 Bxc2 24. Kf2 Kd7 25. Kf3 e5 26. Kg4
e4 27. Kg5 e3 28. Kf6 e2 29. h4 h5 30. Kg5 Bd1 31. Be1 Nd4 32. Kxh5 Nf3 33. Bc3
Nd2 34. Bxd2 e1=Q+ 35. g4 Qxd2 0-1

[Event "Open Aubagne 2019-2020"]
[Site "Aubagne"]
[Date "2019.09.02"]
[Round "3.15"]
[White "Leroux, Yves"]
[Black "Strate, Francois"]
[Result "0-1"]
[WhiteElo "1176"]
[BlackElo "1351"]
[PlyCount "88"]

1. e4 e6 2. d4 d5 3. e5 c5 4. c3 Nc6 5. Nf3 Qb6 6. b3 cxd4 7. cxd4 Nge7 8. g4
Ng6 9. Qd3 Bb4+ 10. Nc3 O-O 11. Bd2 Bd7 12. h4 Rac8 13. h5 Nge7 14. Na4 Bxd2+
15. Qxd2 Qb4 16. Nb2 Qxd2+ 17. Kxd2 Nb4 18. Bd3 Nxd3 19. Nxd3 b6 20. Nh4 Bb5
21. f4 Nc6 22. Ke3 Bxd3 23. Kxd3 Nb4+ 24. Ke3 Rc3+ 25. Kf2 Nd3+ 26. Kg3 Nxe5+
27. Kg2 Nxg4 28. Nf3 Rfc8 29. Kg3 f5 30. Rae1 Kf7 31. Kg2 Rc2+ 32. Kg3 R8c3 33.
Ref1 Rxa2 34. Kh4 h6 35. Rh3 Kf6 36. Rg1 Rf2 37. Rgg3 Rxb3 38. Ne5 Rxg3 39.
Kxg3 Rc2 40. Nxg4+ fxg4 41. Kxg4 a5 42. Rb3 Rc4 43. Rxb6 Rxd4 44. Rb8 a4 0-1

[Event "Open Aubagne 2019-2020"]
[Site "Aubagne"]
[Date "2019.09.02"]
[Round "3.16"]
[White "Roche, Alain"]
[Black "Masson, Wally"]
[Result "1/2-1/2"]
[WhiteElo "1348"]
[BlackElo "1152"]
[PlyCount "89"]

1. e4 e5 2. Nf3 d6 3. c3 Nf6 4. Qc2 d5 5. Bd3 Bc5 6. c4 dxc4 7. Bxc4 Nc6 8. O-O
Bg4 9. Qb3 O-O 10. Ng5 Qd7 11. h3 Bh5 12. Bb5 Qd4 13. Bxc6 bxc6 14. d3 Rab8 15.
Be3 Qxb2 16. Qxb2 Rxb2 17. Bxc5 Rd8 18. Na3 Rxd3 19. g4 Rxa3 20. Bxa3 Re2 21.
Rfd1 Ne8 22. gxh5 f6 23. Nf3 Rxe4 24. Rd8 Kf7 25. Rad1 Nd6 26. Bxd6 cxd6 27.
R1xd6 Ke7 28. R6d7+ Ke6 29. Rxa7 Kf5 30. Rg8 g5 31. Kg2 g4 32. hxg4+ Rxg4+ 33.
Rxg4 Kxg4 34. h6 Kh5 35. Rxh7 Kg6 36. Rc7 Kxh6 37. a4 e4 38. Nd4 Kg5 39. Rxc6
f5 40. Rc5 Kg4 41. a5 f4 42. a6 e3 43. f3+ Kh4 44. a7 e2 45. Nxe2 1/2-1/2

[Event "Open Aubagne 2019-2020"]
[Site "Aubagne"]
[Date "2019.09.02"]
[Round "3.17"]
[White "Vicari-Vento, Salvatore"]
[Black "Rouviere, Lucas"]
[Result "1-0"]
[WhiteElo "1346"]
[BlackElo "1099"]
[PlyCount "103"]

1. e4 c5 2. Nf3 Nc6 3. d4 cxd4 4. Nxd4 Nf6 5. Nc3 e5 6. Nxc6 bxc6 7. Bg5 Bb4 8.
Be2 O-O 9. O-O h6 10. Bxf6 Qxf6 11. a3 Bxc3 12. bxc3 Rd8 13. Qd2 d5 14. Rfd1 d4
15. cxd4 Rxd4 16. Qe3 c5 17. c3 Rxd1+ 18. Rxd1 Qf4 19. Qxf4 exf4 20. Rd5 Rb8
21. h3 Rb1+ 22. Kh2 Rb2 23. Bf3 Rxf2 24. Rd8+ Kh7 25. Rxc8 g5 26. Rxc5 h5 27.
Rxg5 Ra2 28. Rxh5+ Kg6 29. Ra5 Kf6 30. c4 Ke6 31. Rxa7 f5 32. exf5+ Kxf5 33.
Ra5+ Kf6 34. h4 Rc2 35. c5 Ke5 36. c6+ Kd6 37. h5 Ke7 38. Kh3 Kf6 39. Ra6 Kg5
40. Ra7 Rc5 41. a4 Rc1 42. Kh2 Kh4 43. c7 Kg5 44. Rb7 Kh6 45. a5 Rc3 46. a6
Rxf3 47. gxf3 Kxh5 48. c8=Q Kg5 49. Qc5+ Kf6 50. Rb6+ Kg7 51. Qc7+ Kf8 52. Rb8#
1-0

[Event "Open Aubagne 2019-2020"]
[Site "Aubagne"]
[Date "2019.09.02"]
[Round "3.18"]
[White "Turpin, Isabelle"]
[Black "Rocchia, Alex"]
[Result "1-0"]
[WhiteElo "1171"]
[BlackElo "1325"]
[PlyCount "27"]

1. Nf3 d5 2. d4 c5 3. c3 e6 4. a3 Nf6 5. Ne5 Bd6 6. Bf4 O-O 7. e3 Nh5 8. Qxh5
a6 9. Nd2 b5 10. Bd3 g6 11. Qh6 Bb7 12. h4 Nc6 13. Ndf3 Ne7 14. Ng5 1-0

[Event "Open Aubagne 2019-2020"]
[Site "Aubagne"]
[Date "2019.09.02"]
[Round "3.19"]
[White "Marchis Mouren, Emma"]
[Black "Tramarin, Esteban"]
[Result "0-1"]
[WhiteElo "1317"]
[BlackElo "1082"]
[PlyCount "144"]

1. d4 Nf6 2. c4 e5 3. dxe5 Ng4 4. Nf3 Bc5 5. e3 Nc6 6. Be2 Ngxe5 7. Nxe5 Bb4+
8. Bd2 Bxd2+ 9. Qxd2 Nxe5 10. Nc3 d6 11. f4 Ng4 12. h3 Qh4+ 13. Kd1 Nf2+ 14.
Kc2 Nxh1 15. Rxh1 O-O 16. g4 Bd7 17. f5 Qf2 18. Rf1 Qh4 19. Rf3 Qd8 20. Qd4 c5
21. Qd3 Re8 22. Nd5 Bc6 23. e4 Rc8 24. Qe3 Bxd5 25. cxd5 Qe7 26. Rf4 g5 27.
fxg6 hxg6 28. Bf3 Qe5 29. Bg2 Qd4 30. Qxd4 cxd4+ 31. Kd3 Rc7 32. Rf6 Rec8 33.
Rf2 Rc4 34. h4 Ra4 35. a3 b5 36. g5 b4 37. axb4 Rxb4 38. e5 dxe5 39. Ke4 Re8
40. d6 f5+ 41. Kd5 e4 42. d7 Rd8 43. Kd6 Rb7 44. Kc5 Rdxd7 45. Rd2 e3 46. Re2
Rb3 47. Bd5+ Rxd5+ 48. Kxd5 d3 49. Rxe3 d2 50. Rxb3 d1=Q+ 51. Kc4 Qg4+ 52. Kc5
f4 53. Rb8+ Kf7 54. Rb7+ Ke8 55. Kd6 Qd1+ 56. Ke5 f3 57. Rb8+ Qd8 58. Rb3 f2
59. Rf3 Qe7+ 60. Kd4 Qf7 61. Rxf7 Kxf7 62. Kd5 f1=Q 63. Kd4 Qh3 64. Kc4 Qxh4+
65. Kd3 Qxg5 66. Ke2 Qg3 67. Kd1 Qf2 68. Kc1 Ke6 69. Kb1 Kd5 70. Kc1 Kc4 71.
Kd1 Kd3 72. Kc1 Qc2# 0-1

[Event "Open Aubagne 2019-2020"]
[Site "Aubagne"]
[Date "2019.09.02"]
[Round "3.20"]
[White "Rescanieres, Alice"]
[Black "Morata, Serge"]
[Result "1-0"]
[WhiteElo "1142"]
[BlackElo "1304"]
[PlyCount "83"]

1. Nf3 d5 2. d4 Nf6 3. e3 Bf5 4. Bd3 Bxd3 5. Qxd3 Nc6 6. O-O e6 7. Nbd2 Qd7 8.
c4 O-O-O 9. a3 h6 10. b4 a6 11. b5 axb5 12. cxb5 Na7 13. Ne5 Qe8 14. a4 Nd7 15.
Qc3 Nxe5 16. b6 Nac6 17. bxc7 Kxc7 18. dxe5 Bb4 19. Qc2 Ra8 20. Rb1 Kd7 21. Rd1
Ke7 22. Rxb4 Qc8 23. Rf4 Nxe5 24. Ba3+ Ke8 25. Qb3 Qd7 26. Rb1 Rb8 27. a5 f6
28. a6 b6 29. Ra4 Qa7 30. Qb4 Nc6 31. Qb5 Kd7 32. Rg4 g5 33. h4 Kc7 34. f4 h5
35. Rg3 g4 36. Rc1 Qa8 37. e4 Rhd8 38. Rgc3 Rd6 39. Bxd6+ Kxd6 40. Rxc6+ Ke7
41. Rc7+ Kf8 42. Qd7 1-0

[Event "Open Aubagne 2019-2020"]
[Site "Aubagne"]
[Date "2019.09.02"]
[Round "3.21"]
[White "Pouliquen, Gilbert"]
[Black "Bartolini, Manuela"]
[Result "1-0"]
[WhiteElo "1288"]
[BlackElo "1057"]
[PlyCount "131"]

1. d4 d5 2. Bf4 Nf6 3. h3 c5 4. e3 e6 5. Nf3 Nc6 6. c3 b6 7. Bb5 Bb7 8. Ne5 Rc8
9. Qa4 Bd6 10. Nxc6 Bxc6 11. Bxc6+ Kf8 12. Bxd6+ Qxd6 13. Bb5 Qc7 14. O-O Rd8
15. b3 Ne4 16. c4 Nd6 17. Nc3 Nxb5 18. Nxb5 Qb8 19. dxc5 bxc5 20. Qa3 Qb6 21.
Qxa7 Qxa7 22. Nxa7 g6 23. a3 Kg7 24. Rfd1 Rd6 25. Nb5 Rd7 26. a4 Rhd8 27. a5
Ra8 28. a6 h5 29. cxd5 exd5 30. Nc3 d4 31. exd4 cxd4 32. Nb5 d3 33. Rd2 g5 34.
Ra4 f5 35. Rd4 Rxd4 36. Nxd4 Kf6 37. Rxd3 h4 38. g4 f4 39. Nf5 Rxa6 40. Rd6+
Rxd6 41. Nxd6 Ke5 42. Nc4+ Kd4 43. Na5 Kc5 44. Nb7+ Kb4 45. Nd6 Kxb3 46. Ne4
Kc4 47. Nxg5 Kd4 48. Nf3+ Kd5 49. Nxh4 Ke6 50. Nf3 Kf6 51. h4 Kg6 52. h5+ Kg7
53. g5 Kh7 54. Kh2 Kg7 55. Kh3 Kh7 56. Kg4 Kg7 57. Kxf4 Kh7 58. Kf5 Kg7 59. h6+
Kh7 60. Nh4 Kg8 61. f4 Kh7 62. Kg4 Kg8 63. f5 Kh7 64. Kh5 Kg8 65. f6 Kh7 66. f7
1-0

[Event "Open Aubagne 2019-2020"]
[Site "Aubagne"]
[Date "2019.09.02"]
[Round "3.22"]
[White "Roux, Jean-Marie"]
[Black "Pegon, Claude"]
[Result "1-0"]
[WhiteElo "1276"]
[BlackElo "1049"]
[PlyCount "93"]

1. e4 c5 2. Nf3 d6 3. Nc3 e6 4. Bc4 Nf6 5. d3 g6 6. Bg5 Bg7 7. Qd2 h6 8. Bh4
Nc6 9. h3 a6 10. g4 b5 11. Bb3 b4 12. Ne2 e5 13. Bd5 Bd7 14. O-O-O O-O 15. Kb1
Rb8 16. g5 Nxd5 17. gxh6 Bf6 18. exd5 Nd4 19. Bxf6 Qxf6 20. Nh2 Bxh3 21. Ng3
Kh7 22. Ne4 Qe7 23. Ng5+ Kh8 24. Nxh3 f6 25. Rdg1 Rg8 26. Ng4 Nf3 27. Qe3 Nxg1
28. Nxg1 f5 29. h7 Rg7 30. Nh6 Rxh7 31. Nf3 f4 32. Qe4 Qg7 33. Ng5 Rxh6 34.
Rxh6+ Qxh6 35. Nf7+ Kh7 36. Nxh6 Kxh6 37. b3 Rh8 38. Qc4 Ra8 39. Qe4 Kg5 40.
Qg2+ Kf5 41. Qh3+ Kf6 42. Qd7 Kg5 43. Qxd6 Re8 44. Qxc5 Rh8 45. Qe7+ Kf5 46. d6
f3 47. d7 1-0

[Event "Open Aubagne 2019-2020"]
[Site "Aubagne"]
[Date "2019.09.02"]
[Round "3.23"]
[White "Markovitch, Oscar"]
[Black "Labriaud, Gilles"]
[Result "0-1"]
[WhiteElo "1099"]
[BlackElo "1270"]
[PlyCount "72"]

1. e4 e5 2. Bc4 d6 3. Nf3 Be7 4. Nc3 Nf6 5. O-O O-O 6. d3 Nc6 7. Be3 Na5 8. Bb5
c6 9. Ba4 b5 10. b3 bxa4 11. bxa4 Bg4 12. h3 Bh5 13. Qe2 Qd7 14. Rad1 Rab8 15.
d4 exd4 16. Bxd4 Qc7 17. e5 Nd7 18. Rd3 Bxf3 19. Qxf3 dxe5 20. Be3 Bf6 21. Rfd1
Rfd8 22. Qg4 Nf8 23. Rxd8 Rxd8 24. Rxd8 Qxd8 25. Bxa7 Qd2 26. Ne4 Qc1+ 27. Kh2
Qf4+ 28. Qxf4 exf4 29. g3 fxg3+ 30. fxg3 Be5 31. Bb6 Nc4 32. Bc5 Nd7 33. Bf2 h6
34. Nc5 Nxc5 35. Bxc5 Bc7 36. a5 Bxa5 0-1

[Event "Open Aubagne 2019-2020"]
[Site "Aubagne"]
[Date "2019.09.02"]
[Round "3.24"]
[White "Madi, Mohammed"]
[Black "Periale, Albert"]
[Result "1-0"]
[WhiteElo "1045"]
[BlackElo "1264"]
[PlyCount "51"]

1. d4 d5 2. Bf4 Nf6 3. Nc3 c6 4. Nf3 Bg4 5. e3 e6 6. a3 Bd6 7. Bxd6 Qxd6 8. h3
Bh5 9. Be2 h6 10. Ne5 Bxe2 11. Qxe2 Nbd7 12. Nf3 a6 13. O-O O-O 14. Rfe1 Rfe8
15. e4 e5 16. dxe5 Nxe5 17. exd5 cxd5 18. Nxe5 Re6 19. Rad1 Rae8 20. f4 Nd7 21.
Rxd5 Qb6+ 22. Kh1 Qc7 23. Rxd7 Qxd7 24. Nxd7 Rxe2 25. Rxe2 Rxe2 26. Nxe2 1-0

[Event "Open Aubagne 2019-2020"]
[Site "Aubagne"]
[Date "2019.09.02"]
[Round "3.25"]
[White "Friche, Timeo"]
[Black "Frontera, Pierre"]
[Result "0-1"]
[WhiteElo "1009"]
[BlackElo "1257"]
[PlyCount "34"]

1. e4 e5 2. Nf3 Nc6 3. Bb5 d6 4. d4 Bd7 5. Nc3 Nge7 6. d5 Nb8 7. Bd2 c6 8. dxc6
bxc6 9. Bc4 h6 10. O-O a5 11. Qe2 Qc8 12. a4 Na6 13. Na2 Nc7 14. g4 Bxg4 15. b4
Bh3 16. Rfb1 Qg4+ 17. Kh1 Qg2# 0-1

[Event "Open Aubagne 2019-2020"]
[Site "Aubagne"]
[Date "2019.09.02"]
[Round "3.26"]
[White "Madi, Walid"]
[Black "Normand, Christophe"]
[Result "0-1"]
[WhiteElo "1006"]
[BlackElo "1246"]
[PlyCount "132"]

1. d4 d5 2. Bf4 Nf6 3. Nc3 e6 4. a3 a6 5. e3 c5 6. Nf3 cxd4 7. exd4 Nc6 8. Ne5
Nxe5 9. dxe5 Nd7 10. b4 Qc7 11. Qd4 b5 12. Bd3 g6 13. Bd2 Qxe5+ 14. Qxe5 Nxe5
15. O-O Nxd3 16. cxd3 Bg7 17. Rae1 O-O 18. Rc1 Bb7 19. Ne2 Rac8 20. Rxc8 Rxc8
21. Rc1 Bb2 22. Rxc8+ Bxc8 23. Bc1 Bxc1 24. Nxc1 d4 25. f4 f6 26. Kf2 e5 27.
fxe5 fxe5 28. Nb3 Kf7 29. Nc5 Ke7 30. Kf3 Kd6 31. g4 h5 32. gxh5 gxh5 33. h4
Ke7 34. Ke4 Kf6 35. Kf3 Kf5 36. Kg3 Kf6 37. Ne4+ Kg6 38. Nc5 Bf5 39. Kf3 Bc8
40. Ke4 Kf6 41. Kf3 Kf5 42. Ne4 Bb7 43. Ke2 Bxe4 44. dxe4+ Kxe4 45. Kf2 Kf4 46.
Ke2 e4 47. Kf2 Kg4 48. Kg2 Kxh4 49. Kf2 Kg4 50. Kg2 h4 51. a4 d3 52. Kf2 d2 53.
Ke2 h3 54. a5 h2 55. Kf2 h1=Q 56. Ke3 Qf3+ 57. Kxd2 Qf2+ 58. Kc3 e3 59. Kd4 e2+
60. Kd3 Qf3+ 61. Kd2 Qb3 62. Ke1 Qxb4+ 63. Kxe2 Qc4+ 64. Kf2 b4 65. Ke1 Qc2 66.
Kf1 b3 0-1

[Event "Open Aubagne 2019-2020"]
[Site "Aubagne"]
[Date "2019.09.02"]
[Round "3.27"]
[White "Cavanihac, Claude"]
[Black "Nakle-Fambon, Gabriel"]
[Result "1-0"]
[WhiteElo "1365"]
[BlackElo "1009"]
[PlyCount "41"]

1. d4 e6 2. c4 Nf6 3. Nc3 Be7 4. e4 d6 5. f4 O-O 6. Nf3 c5 7. e5 Nfd7 8. Be3 b6
9. Bd3 Bb7 10. O-O Nc6 11. d5 Nb4 12. Be4 Ba6 13. Rf2 Bh4 14. Nxh4 Qxh4 15. a3
dxe5 16. axb4 cxb4 17. Rxa6 bxc3 18. bxc3 Nf6 19. Bf3 exf4 20. Bd4 Rfe8 21. Re2
1-0

[Event "Open Aubagne 2019-2020"]
[Site "Aubagne"]
[Date "2019.09.02"]
[Round "3.29"]
[White "Renamy, Corentin"]
[Black "Hunault, Francis"]
[Result "0-1"]
[WhiteElo "1099"]
[BlackElo "1431"]
[PlyCount "112"]

1. e4 d5 2. exd5 Nf6 3. Nc3 e6 4. dxe6 Bxe6 5. Nf3 Nc6 6. d4 Qe7 7. Be2 O-O-O
8. O-O h6 9. Bf4 g5 10. Be5 Nxe5 11. Nxe5 Bg7 12. Bc4 Bxc4 13. Nxc4 Nd5 14.
Nxd5 Rxd5 15. c3 Qd7 16. Re1 c5 17. Ne3 Rd6 18. Nc2 cxd4 19. cxd4 Bxd4 20. Nxd4
Rxd4 21. Rc1+ Kb8 22. Qf3 f5 23. Re5 g4 24. Qb3 Rd3 25. Qc2 Rd2 26. Qb3 Rd8 27.
g3 Rxf2 28. Kxf2 Qd2+ 29. Kf1 Qxc1+ 30. Kf2 Rd2+ 31. Re2 Qc5+ 32. Qe3 Qxe3+ 33.
Kxe3 Rxe2+ 34. Kxe2 Kc7 35. Ke3 Kd6 36. Kd4 b5 37. b4 a6 38. Ke3 Ke5 39. Kd3 f4
40. gxf4+ Kxf4 41. Ke2 h5 42. Kf2 h4 43. a3 Ke4 44. Ke2 g3 45. h3 g2 46. Kf2
g1=Q+ 47. Kxg1 Kd4 48. Kf2 Kc4 49. Kf3 Kb3 50. Kg4 Kxa3 51. Kxh4 Kxb4 52. Kg5
Ka3 53. Kf4 b4 54. Ke3 b3 55. h4 b2 56. h5 b1=Q 0-1